000 00866nab a2200253 u 4500
001 09805
003 HDC
007 cr bn ---aaaaa
008 210202c9999 |r|nos 0 a eng d
040 _aHDC
110 _aArabian Business.com
245 0 _aDubai authorities work on setting up Halal National Mark
260 _a[no place] :
_b[publisher not identified],
_c[no year]
336 _atext
_2rdacontent
337 _acomputer
_2rdamedia
338 _aonline resource
_2rdacarrier
650 _ahalal food industry
_9128
650 _aHalal National Mark
_910038
650 _anational certification standard
_910039
856 _zRequest full-text at [email protected]
942 _2lcc
942 _cNEWS
942 _kNWSO 000008
999 _c7128
_d7128